Ricostruisci la Carriera del Calciatore - Michael Essien - Statistics

Statistiche generali
  • Questo quiz è stato fatto 2 volte
  • Il punteggio medio è 4 su 9
Statistiche sulle risposte
Hint Risposta % Corretto
2005-2012 Chelsea
100%
2014-2015 Milan
100%
2003-2005 Olympique Lione
50%
2015-2016 Panathīnaïkos
50%
2017-2018 Persib
50%
2000-2003 Bastia
0%
2013-2014 Chelsea
0%
2012-2013 Real Madrid
0%
2019-2020 Səbail
0%
Nessun quiz corrispondente trovato
Distribuzione punteggi
Percentuale di utenti per punteggio
Percentile per numero di risposta
I tuoi punteggi nel tempo
Non hai fatto questo quiz